[Event "GER-ch U18 Girls"]
[Site "Oberhof"]
[Date "2011.06.18"]
[Round "9"]
[White "Falke, Cynthia"]
[Black "Garny, Annica"]
[Result "1/2-1/2"]
[WhiteElo "1681"]
[BlackElo "1783"]
[PlyCount "31"]
[EventDate "2011.06.11"]
[EventType "swiss"]
[EventRounds "9"]
[EventCountry "GER"]
[SourceTitle "CBM 142 Extra"]
[Source "ChessBase"]
[SourceDate "2011.06.27"]
[SourceVersion "1"]
[SourceVersionDate "2011.06.27"]
[SourceQuality "1"]

1. e4 e5 2. Nf3 Nc6 3. Bc4 Bc5 4. d3 d6 5. Nc3 Nf6 6. Bg5 h6 7. Bxf6 Qxf6 8. a3 Na5 9. Bb5+ Nc6 10. Bxc6+ bxc6 11. Na4 Bb6 12. Nxb6 cxb6 13. Qe2 Bg4 14. 0-0-0 Bxf3 15. Qxf3 Qxf3 16. gxf3 1/2-1/2

[Event "GER-ch U18 Girls"]
[Site "Oberhof"]
[Date "2011.06.12"]
[Round "1"]
[White "Stitterich, Nadine"]
[Black "Falke, Cynthia"]
[Result "1-0"]
[WhiteElo "2015"]
[BlackElo "1681"]
[PlyCount "61"]
[EventDate "2011.06.11"]
[EventType "swiss"]
[EventRounds "9"]
[EventCountry "GER"]
[SourceTitle "CBM 142 Extra"]
[Source "ChessBase"]
[SourceDate "2011.06.27"]
[SourceVersion "1"]
[SourceVersionDate "2011.06.27"]
[SourceQuality "1"]

1. e4 e5 2. Nf3 Nc6 3. Bb5 a6 4. Ba4 Nf6 5. 0-0 b5 6. Bb3 Be7 7. Re1 0-0 8. h3 Bb7 9. c3 d6 10. d4 exd4 11. cxd4 Na5 12. Bc2 c5 13. Nbd2 Nc6 14. Nf1 c4 15. Ng3 Bc8 16. Qe2 h6 17. e5 dxe5 18. dxe5 Nd5 19. Qe4 g6 20. Bxh6 Re8 21. Rad1 Be6 22. h4 Ncb4 23. Bb1 Kh7 24. Bg5 Rg8 25. a3 Nc6 26. Rd2 Bxg5 27. Nxg5+ Kh6 28. Nxe6 fxe6 29. Qg4 Qe7 30. h5 g5 31. Rxd5 1-0

[Event "Schleswig Holstein-ch U18"]
[Site "Neumuenster"]
[Date "2011.05.01"]
[Round "9.3"]
[White "Wegner, Florian"]
[Black "Falke, Cynthia"]
[Result "1/2-1/2"]
[WhiteElo "1646"]
[BlackElo "1681"]
[PlyCount "81"]
[EventDate "2011.04.25"]
[EventType "tourn"]
[EventRounds "9"]
[EventCountry "GER"]
[SourceTitle "EXT 2022"]
[Source "ChessBase"]
[SourceDate "2021.10.06"]
[SourceVersion "1"]
[SourceVersionDate "2021.10.06"]
[SourceQuality "1"]

1. e4 e5 2. Nf3 Nc6 3. Bb5 Nf6 4. 0-0 Nxe4 5. d4 Nd6 6. Bxc6 dxc6 7. dxe5 Nf5 8. Qxd8+ Kxd8 9. Rd1+ Ke8 10. b3 Bc5 11. Bb2 h6 12. c4 Be6 13. Nbd2 a6 14. Ne4 Ba7 15. Ne1 Ne7 16. Rd2 Ng6 17. Rad1 Bf5 18. Ng3 Bg4 19. Nf3 Nf4 20. Ne2 Nxe2+ 21. Rxe2 Ke7 22. h3 Be6 23. Red2 c5 24. Ne1 Rad8 25. Nd3 g5 26. f3 Rd7 27. Nf2 Rxd2 28. Rxd2 Rd8 29. Rxd8 Kxd8 30. Ne4 Bf5 31. Kf2 Bxe4 32. fxe4 Ke7 33. Kg3 h5 34. h4 gxh4+ 35. Kxh4 c6 36. Kxh5 Ke6 37. Kh6 Bb6 38. Kg7 Ke7 39. Bc3 Bc7 40. g4 b6 41. Bb2 1/2-1/2

[Event "Schleswig Holstein-ch U18"]
[Site "Neumuenster"]
[Date "2011.04.27"]
[Round "4.5"]
[White "Fritsche, Oliver"]
[Black "Falke, Cynthia"]
[Result "1-0"]
[WhiteElo "1707"]
[BlackElo "1681"]
[PlyCount "71"]
[EventDate "2011.04.25"]
[EventType "tourn"]
[EventRounds "9"]
[EventCountry "GER"]
[SourceTitle "EXT 2022"]
[Source "ChessBase"]
[SourceDate "2021.10.06"]
[SourceVersion "1"]
[SourceVersionDate "2021.10.06"]
[SourceQuality "1"]

1. e4 e5 2. Nf3 Nc6 3. Bb5 Nf6 4. 0-0 Nxe4 5. d4 Nd6 6. Bxc6 dxc6 7. dxe5 Nc4 8. Qxd8+ Kxd8 9. b3 Nb6 10. Bb2 Bc5 11. c4 Bf5 12. Nc3 Ke7 13. Rad1 a5 14. Nh4 Be6 15. Ne4 Nd7 16. Rxd7+ Bxd7 17. Nxc5 Bc8 18. Rd1 b6 19. Na4 Be6 20. Ba3+ c5 21. Nc3 Rhd8 22. Nd5+ Kf8 23. Kf1 c6 24. Ne3 Rxd1+ 25. Nxd1 Rd8 26. Ke2 Rd4 27. g3 Re4+ 28. Ne3 Rxe5 29. Bb2 Rh5 30. f4 f6 31. Nf3 Kf7 32. h4 Bd7 33. g4 Rh6 34. Kf2 Rg6 35. g5 fxg5 36. Ne5+ 1-0

[Event "Schleswig Holstein-ch U18"]
[Site "Neumuenster"]
[Date "2011.04.26"]
[Round "3.2"]
[White "Falke, Cynthia"]
[Black "Krause, Jonah"]
[Result "0-1"]
[WhiteElo "1681"]
[BlackElo "1920"]
[PlyCount "94"]
[EventDate "2011.04.25"]
[EventType "tourn"]
[EventRounds "9"]
[EventCountry "GER"]
[SourceTitle "EXT 2022"]
[Source "ChessBase"]
[SourceDate "2021.10.06"]
[SourceVersion "1"]
[SourceVersionDate "2021.10.06"]
[SourceQuality "1"]

1. e4 c6 2. d4 d5 3. Nc3 dxe4 4. Nxe4 Bf5 5. Ng3 Bg6 6. h4 h6 7. Nf3 Nd7 8. h5 Bh7 9. Bd3 Bxd3 10. Qxd3 e6 11. Bf4 Qa5+ 12. Bd2 Bb4 13. a3 Bxd2+ 14. Qxd2 Qxd2+ 15. Kxd2 Ngf6 16. Rhe1 0-0-0 17. c3 c5 18. Kc2 cxd4 19. Nxd4 Nb6 20. a4 Nbd5 21. Rh1 Nf4 22. Rhg1 N4xh5 23. Nxh5 Nxh5 24. Rae1 Nf4 25. Re5 Nd5 26. Rd1 Kb8 27. Rd3 a6 28. Rf3 Rd7 29. Re4 Rc8 30. Kb1 Nf6 31. Re1 Ne8 32. Rfe3 Rdc7 33. Rc1 Nd6 34. b3 Rc5 35. f3 Ne8 36. g4 Nf6 37. Kb2 h5 38. gxh5 Rxh5 39. Rc2 Nd5 40. Rd3 g6 41. Ka3 Rhh8 42. c4 Ne7 43. Re2 Rcd8 44. Ree3 Rd6 45. Nc2 Rhd8 46. Nb4 a5 47. Rxd6 axb4+ 0-1

[Event "GER-ch U18 Girls"]
[Site "Oberhof"]
[Date "2010.05.23"]
[Round "1"]
[White "Bluebaum, Johanna"]
[Black "Falke, Cynthia"]
[Result "1-0"]
[WhiteElo "1988"]
[BlackElo "1672"]
[PlyCount "79"]
[EventDate "2010.05.22"]
[EventType "swiss"]
[EventRounds "9"]
[EventCountry "GER"]
[SourceTitle "CBM 136 Extra"]
[Source "ChessBase"]
[SourceDate "2010.07.02"]
[SourceVersion "2"]
[SourceVersionDate "2010.07.15"]
[SourceQuality "1"]

1. d4 d5 2. c4 e6 3. Nc3 Nf6 4. cxd5 exd5 5. Bg5 Be7 6. e3 Bf5 7. Qb3 b6 8. Bxf6 Bxf6 9. Qxd5 Qxd5 10. Nxd5 Bd8 11. Rc1 Kd7 12. Nf3 f6 13. Nc3 a6 14. Be2 Be7 15. 0-0 Kc8 16. Nd5 Kd8 17. Nxe7 Kxe7 18. Rxc7+ Nd7 19. Rfc1 Be4 20. Nd2 Bd5 21. b3 b5 22. e4 Bf7 23. Bg4 Be6 24. Bxe6 Kxe6 25. f4 Rhd8 26. f5+ Kf7 27. e5 fxe5 28. dxe5 Kg8 29. Nf3 Nb6 30. Kf2 Nd5 31. Rb7 Rf8 32. Rc5 Rad8 33. g4 Rf7 34. Rxf7 Kxf7 35. Ng5+ Kg8 36. Ne6 Rd7 37. Rc8+ Kf7 38. Nd8+ Ke7 39. Nc6+ Kf7 40. e6+ 1-0

[Event "GER-ch U16 Girls"]
[Site "Willingen"]
[Date "2009.06.03"]
[Round "6"]
[White "Rusch, Julia"]
[Black "Falke, Cynthia"]
[Result "0-1"]
[WhiteElo "1425"]
[BlackElo "1502"]
[PlyCount "102"]
[EventDate "2009.05.30"]
[EventType "swiss"]
[EventRounds "9"]
[EventCountry "GER"]
[SourceTitle "EXT 2010"]
[Source "ChessBase"]
[SourceDate "2010.11.25"]
[SourceVersion "1"]
[SourceVersionDate "2010.11.25"]
[SourceQuality "1"]

1. d4 d5 2. Nc3 Nf6 3. Bg5 Bf5 4. e3 c6 5. Bd3 Bg6 6. Bxg6 hxg6 7. Nf3 Nbd7 8. Qe2 e6 9. e4 Qa5 10. e5 Ne4 11. Bd2 Nxd2 12. Nxd2 Qb4 13. Nb3 c5 14. 0-0-0 c4 15. Nd2 Qa5 16. Ndb1 Nb6 17. Qd2 Na4 18. Nxa4 Qxa4 19. a3 Rc8 20. Nc3 Qa6 21. Rdf1 b5 22. Na2 c3 23. bxc3 Qxa3+ 24. Kb1 Rc4 25. Qc1 Qa5 26. Qb2 Ba3 27. Qb3 0-0 28. Ka1 Rfc8 29. Rb1 a6 30. h4 Rxc3 31. Nxc3 Rxc3 32. Qa2 Bb2+ 33. Kxb2 Rxc2+ 34. Kxc2 Qxa2+ 35. Kd3 Qxf2 36. h5 Qf5+ 37. Ke3 gxh5 38. Rbc1 Qe4+ 39. Kf2 Qxd4+ 40. Kf3 Qe4+ 41. Kf2 Qxe5 42. g3 b4 43. Rcf1 a5 44. Rh4 g6 45. Rf4 g5 46. Rf3 a4 47. Kg2 Qe4 48. Kh2 e5 49. R3f2 b3 50. Kh3 a3 51. Rg2 b2 0-1

[Event "GER-ch U16 Girls"]
[Site "Willingen"]
[Date "2009.06.01"]
[Round "3"]
[White "Falke, Cynthia"]
[Black "Garny, Annica"]
[Result "1-0"]
[WhiteElo "1502"]
[BlackElo "1604"]
[PlyCount "87"]
[EventDate "2009.05.30"]
[EventType "swiss"]
[EventRounds "9"]
[EventCountry "GER"]
[SourceTitle "EXT 2010"]
[Source "ChessBase"]
[SourceDate "2010.11.25"]
[SourceVersion "1"]
[SourceVersionDate "2010.11.25"]
[SourceQuality "1"]

1. e4 e5 2. Nf3 Nc6 3. Bc4 Bc5 4. d3 d6 5. Nc3 Nf6 6. a3 a6 7. Bg5 h6 8. Bxf6 Qxf6 9. Nd5 Qd8 10. Qd2 Bg4 11. Rg1 Qd7 12. Nh4 0-0-0 13. h3 Be6 14. 0-0-0 Rdf8 15. g4 g6 16. Rgf1 Qd8 17. Ng2 h5 18. f3 hxg4 19. hxg4 Kb8 20. Nde3 Qg5 21. Rh1 Nd4 22. Qf2 Bxc4 23. dxc4 f5 24. c3 Ne6 25. exf5 gxf5 26. gxf5 Rxh1 27. Rxh1 Rxf5 28. b4 Bb6 29. Kb2 Rf8 30. Qe2 Nf4 31. Nxf4 Qxf4 32. Nd5 Qxf3 33. Qxf3 Rxf3 34. Rh8+ Ka7 35. Ne7 a5 36. Nc8+ Kb8 37. Nxb6+ Ka7 38. Nc8+ Kb8 39. Nxd6+ Ka7 40. Nb5+ Kb6 41. bxa5+ Kxa5 42. Nxc7 e4 43. c5 b6 44. Ra8# 1-0

[Event "GER-ch U16 Girls"]
[Site "Willingen"]
[Date "2009.05.31"]
[Round "2"]
[White "Maiwald, Anja"]
[Black "Falke, Cynthia"]
[Result "1/2-1/2"]
[WhiteElo "1331"]
[BlackElo "1502"]
[PlyCount "91"]
[EventDate "2009.05.30"]
[EventType "swiss"]
[EventRounds "9"]
[EventCountry "GER"]
[SourceTitle "EXT 2010"]
[Source "ChessBase"]
[SourceDate "2010.11.25"]
[SourceVersion "1"]
[SourceVersionDate "2010.11.25"]
[SourceQuality "1"]

1. Nf3 Nc6 2. d4 d5 3. Bf4 Bf5 4. c3 Nf6 5. Nbd2 Qd7 6. e3 e6 7. Be2 Be7 8. 0-0 0-0 9. Ne5 Nxe5 10. dxe5 Ne4 11. Nxe4 Bxe4 12. Bh5 f6 13. Qg4 Kh8 14. Qe2 fxe5 15. Bxe5 Bf6 16. Bd4 h6 17. Rad1 Qc6 18. f4 Qd6 19. Bf3 Bxd4 20. exd4 Rxf4 21. Bg4 Raf8 22. Rxf4 Rxf4 23. Rf1 Rxf1+ 24. Qxf1 Qe7 25. Qf4 Bg6 26. Qe5 Bf7 27. g3 Qd6 28. Qxd6 cxd6 29. Kf2 Kh7 30. Ke3 Kg6 31. Kf4 Kf6 32. Ke3 Kg5 33. Kf3 Bh5 34. Bxh5 Kxh5 35. Kf4 g5+ 36. Kf3 e5 37. h3 Kg6 38. g4 h5 39. Ke3 hxg4 40. hxg4 Kf6 41. Kd3 b5 42. Kd2 Ke7 43. Ke3 Kd7 44. a3 Kc6 45. Kd3 Kb6 46. b4 1/2-1/2

[Event "GER-ch U16 Girls"]
[Site "Willingen"]
[Date "2008.05.11"]
[Round "1"]
[White "Falke, Cynthia"]
[Black "Mertens, Pauline"]
[Result "1/2-1/2"]
[WhiteElo "1227"]
[BlackElo "1908"]
[PlyCount "53"]
[EventDate "2008.05.11"]
[EventType "swiss"]
[EventRounds "9"]
[EventCountry "GER"]
[SourceTitle "CBM 124 Extra"]
[Source "ChessBase"]
[SourceDate "2008.07.03"]
[SourceVersion "1"]
[SourceVersionDate "2008.07.03"]
[SourceQuality "1"]

1. e4 c5 2. Nc3 Nc6 3. g3 g6 4. Bg2 Bg7 5. d3 d6 6. Be3 e5 7. Qd2 Nge7 8. Nf3 0-0 9. Bh6 Rb8 10. h4 Bxh6 11. Qxh6 f6 12. Nh2 Nd4 13. 0-0-0 Kh8 14. Rdf1 Be6 15. Qe3 f5 16. f4 Qc7 17. Nf3 Nxf3 18. Bxf3 b5 19. h5 Bf7 20. Rf2 b4 21. Nd5 Nxd5 22. exd5 Rbe8 23. fxe5 dxe5 24. Qh6 Qd6 25. Rfh2 Kg8 26. Rh4 a6 27. Qg5 1/2-1/2

[Event "Schleswig Holstein-ch U16 VM"]
[Site "Neumuenster"]
[Date "2008.03.26"]
[Round "4"]
[White "Falke, Cynthia"]
[Black "Wieckhorst, Jan"]
[Result "0-1"]
[WhiteElo "1442"]
[BlackElo "889"]
[PlyCount "27"]
[EventDate "2008.03.24"]
[EventType "swiss"]
[EventRounds "9"]
[EventCountry "GER"]
[SourceTitle "EXT 2009"]
[Source "ChessBase"]
[SourceDate "2008.11.26"]
[SourceVersion "1"]
[SourceVersionDate "2008.11.26"]
[SourceQuality "1"]

1. e4 e5 2. Nf3 Nc6 3. Bc4 Nf6 4. d3 Bc5 5. Nc3 0-0 6. Bg5 Be7 7. Qd2 h6 8. Bh4 d6 9. h3 Bd7 10. g4 Nd4 11. Nxd4 exd4 12. Ne2 Nxe4 13. Bxe7 Nxd2 14. Kxd2 0-1

[Event "GER-ch U14 Girls"]
[Site "Willingen"]
[Date "2007.06.02"]
[Round "9"]
[White "Falke, Cynthia"]
[Black "Stitterich, Nadine"]
[Result "0-1"]
[WhiteElo "1416"]
[BlackElo "1656"]
[PlyCount "104"]
[EventDate "2007.05.26"]
[EventType "swiss"]
[EventRounds "9"]
[EventCountry "GER"]
[SourceTitle "CBM 118 Extra"]
[Source "ChessBase"]
[SourceDate "2007.07.04"]
[SourceVersion "1"]
[SourceVersionDate "2007.07.04"]
[SourceQuality "1"]

1. e4 e5 2. Nf3 Nc6 3. Bc4 Bc5 4. d3 Nf6 5. Nc3 d6 6. h3 h6 7. Bd2 Na5 8. Bb3 Nxb3 9. axb3 Be6 10. Qe2 Bb4 11. d4 Bxc3 12. Bxc3 exd4 13. Nxd4 0-0 14. 0-0 Re8 15. f4 Bd5 16. e5 dxe5 17. fxe5 Ne4 18. Qe3 Nxc3 19. Qxc3 Rxe5 20. Nf3 Re8 21. Rad1 c6 22. b4 Qb6+ 23. Kh1 Re3 24. Qd4 Bxf3 25. Rxf3 Re1+ 26. Kh2 Rxd1 27. Qxd1 Qxb4 28. Qd7 Rf8 29. Rb3 Qf4+ 30. Kg1 Qc1+ 31. Kh2 Qxc2 32. Rxb7 a5 33. Rc7 Qxb2 34. Qxc6 Qe5+ 35. Kg1 Rd8 36. Rc8 Rxc8 37. Qxc8+ Kh7 38. Qc2+ g6 39. Qa4 Kg7 40. Kf2 Qc5+ 41. Kf1 Qb4 42. Qa1+ Kh7 43. Qf6 Qb3 44. h4 h5 45. Kg1 a4 46. Kh2 a3 47. Kh1 a2 48. Kh2 Qc4 49. Qa1 Qxh4+ 50. Kg1 Qc4 51. Kh2 Qc7+ 52. Kh1 Qc4 0-1

[Event "GER-ch U14 Girls"]
[Site "Willingen"]
[Date "2007.05.26"]
[Round "1"]
[White "Dorn, Carina"]
[Black "Falke, Cynthia"]
[Result "0-1"]
[WhiteElo "1749"]
[BlackElo "1416"]
[PlyCount "52"]
[EventDate "2007.05.26"]
[EventType "swiss"]
[EventRounds "9"]
[EventCountry "GER"]
[SourceTitle "CBM 118 Extra"]
[Source "ChessBase"]
[SourceDate "2007.07.04"]
[SourceVersion "1"]
[SourceVersionDate "2007.07.04"]
[SourceQuality "1"]

1. d4 d5 2. c4 Nc6 3. Nf3 dxc4 4. e3 Na5 5. Bd2 c6 6. Qa4 b6 7. Bxa5 bxa5 8. Bxc4 f6 9. d5 Qb6 10. 0-0 Bd7 11. Nd4 cxd5 12. Bb5 Bxb5 13. Nxb5 Kf7 14. Rc1 a6 15. Nc7 Rd8 16. Nd2 e6 17. Nb3 Bd6 18. Rc6 Qb8 19. Rac1 Qa7 20. Nxa6 Ne7 21. Nxa5 Nxc6 22. Nxc6 Qb7 23. Nxd8+ Rxd8 24. b3 Ra8 25. Rc6 Ke7 26. Qa5 Qxc6 0-1

[Event "GER-chT U14 Girls"]
[Site "Burg Stargard"]
[Date "2006.12.28"]
[Round "3.1"]
[White "Schuetten, Annalisa"]
[Black "Falke, Cynthia"]
[Result "0-1"]
[WhiteElo "1061"]
[BlackElo "1462"]
[PlyCount "38"]
[EventDate "2006.12.27"]
[EventType "team-swiss"]
[EventRounds "7"]
[EventCountry "GER"]
[SourceTitle "EXT 2008"]
[Source "ChessBase"]
[SourceDate "2007.11.25"]
[SourceVersion "1"]
[SourceVersionDate "2007.11.25"]
[SourceQuality "1"]
[WhiteTeam "Erftstadt SV U14 Girls"]
[BlackTeam "Harksheide U14 Girls"]
[WhiteTeamCountry "GER"]
[BlackTeamCountry "GER"]

1. e4 e5 2. d4 exd4 3. Qxd4 Nc6 4. Qe3 d6 5. Bd2 Nf6 6. Nc3 Be6 7. 0-0-0 Qd7 8. a3 0-0-0 9. f4 Re8 10. h3 Nd5 11. exd5 Bxd5 12. Qd3 Be6 13. g4 f5 14. g5 g6 15. Nf3 Bg7 16. Bg2 Qf7 17. b3 Na5 18. Nd5 Nxb3+ 19. cxb3 Bxd5 0-1

[Event "GER-ch U14 Girls"]
[Site "Willingen"]
[Date "2006.06.06"]
[Round "6"]
[White "Penne, Bo"]
[Black "Falke, Cynthia"]
[Result "1/2-1/2"]
[WhiteElo "1867"]
[BlackElo "1307"]
[PlyCount "88"]
[EventDate "2006.06.03"]
[EventType "swiss"]
[EventRounds "9"]
[EventCountry "GER"]
[SourceTitle "EXT 2007"]
[Source "ChessBase"]
[SourceDate "2006.11.23"]
[SourceVersion "1"]
[SourceVersionDate "2006.11.23"]
[SourceQuality "1"]

1. e4 e6 2. d4 d5 3. exd5 exd5 4. Bd3 Nc6 5. c3 Bd6 6. Ne2 Nge7 7. Bf4 Be6 8. Nd2 Qd7 9. Qc2 0-0-0 10. 0-0-0 h6 11. h4 Rde8 12. Rde1 a6 13. Nb3 f6 14. Bg3 Nf5 15. Bxd6 Nxd6 16. Nc5 Qd8 17. Nf4 Bf7 18. Qa4 Nb8 19. Nfe6 Bxe6 20. Nxe6 Qd7 21. Qxd7+ Nxd7 22. Bg6 Re7 23. Nf4 Rxe1+ 24. Rxe1 Nf8 25. Bc2 c6 26. Ng6 Nxg6 27. Bxg6 Kd7 28. h5 Rf8 29. Bd3 Re8 30. Rxe8 Nxe8 31. b3 Nd6 32. f3 b5 33. Kc2 Ke6 34. Kd2 Nf5 35. g4 Nd6 36. Ke3 f5 37. Kf4 fxg4 38. fxg4 Kf6 39. Bf5 Nxf5 40. gxf5 a5 41. a3 a4 42. b4 Kf7 43. Ke5 Ke7 44. Kf4 Kf6 1/2-1/2

[Event "GER-ch U14 Girls"]
[Site "Willingen"]
[Date "2006.06.04"]
[Round "2"]
[White "Falke, Cynthia"]
[Black "Sonnhalter, Stella"]
[Result "1-0"]
[WhiteElo "1307"]
[BlackElo "1511"]
[PlyCount "118"]
[EventDate "2006.06.03"]
[EventType "swiss"]
[EventRounds "9"]
[EventCountry "GER"]
[SourceTitle "EXT 2007"]
[Source "ChessBase"]
[SourceDate "2006.11.23"]
[SourceVersion "1"]
[SourceVersionDate "2006.11.23"]
[SourceQuality "1"]

1. e4 c5 2. Nc3 Nc6 3. d3 g6 4. g3 Bg7 5. Bg2 Nf6 6. h3 d6 7. Be3 0-0 8. f4 e6 9. Nge2 Qa5 10. 0-0 Bd7 11. d4 cxd4 12. Nxd4 Qb6 13. Qd2 Nxe4 14. Nxe4 Bxd4 15. Bxd4 Qxd4+ 16. Qxd4 Nxd4 17. c3 Nc6 18. Nxd6 Rab8 19. Rad1 Rfd8 20. Rd2 Rf8 21. Rfd1 Be8 22. b4 f5 23. Nxe8 Rfxe8 24. Bxc6 bxc6 25. Rd7 a6 26. Rc7 Red8 27. Rxd8+ Rxd8 28. Rxc6 Rd3 29. Kf2 Rd2+ 30. Kf3 Rxa2 31. Rxe6 Ra3 32. Rc6 Kf7 33. Rc5 Ke6 34. Ke3 Ra1 35. Re5+ Kd6 36. Kd4 Rd1+ 37. Ke3 Re1+ 38. Kd4 Rd1+ 39. Kc4 Rg1 40. Re3 h6 41. h4 h5 42. Rd3+ Kc6 43. Kd4 Kd6 44. c4 Re1 45. Re3 Rb1 46. c5+ Kc6 47. Kc4 Rc1+ 48. Rc3 Rd1 49. Rd3 Rc1+ 50. Kb3 Kb5 51. Rd6 Rb1+ 52. Kc3 a5 53. Rb6+ Ka4 54. bxa5 Rc1+ 55. Kd4 Kxa5 56. Rxg6 Kb5 57. Rg5 Rxc5 58. Rxh5 Kc6 59. Rh6+ Kb5 1-0